Countries that start with A - Statistics

General Stats
  • This quiz has been taken 38 times
  • The average score is 10 of 11
Answer Stats
Continent Answer % Correct
Asia Afghanistan
97%
Europe Andorra
97%
South America Argentina
97%
Africa Angola
94%
Asia Armenia
94%
Asia Azerbaijan
94%
Africa Algeria
92%
Oceania Australia
92%
Europe Albania
89%
North America Antigua and Barbuda
89%
Europe Austria
89%
No matching quizzes found
Score Distribution
Percent of People with Each Score
Percentile by Number Answered
Your Score History
You have not taken this quiz